MARC details
| 000 -LEADER |
| fixed length control field |
01675cam a2200421 i 4500 |
| 001 - CONTROL NUMBER |
| control field |
11868158 |
| 003 - CONTROL NUMBER IDENTIFIER |
| control field |
EG-ScBUE |
| 005 - DATE AND TIME OF LATEST TRANSACTION |
| control field |
20241001102021.0 |
| 008 - FIXED-LENGTH DATA ELEMENTS--GENERAL INFORMATION |
| fixed length control field |
991214m20002003riu f b 001 0 eng d |
| 020 ## - INTERNATIONAL STANDARD BOOK NUMBER |
| International Standard Book Number |
0821820508 (v. 1 : pbk. : alk. paper) |
| 020 ## - INTERNATIONAL STANDARD BOOK NUMBER |
| International Standard Book Number |
9780821820506 (v. 1 : pbk. : alk. paper) |
| 020 ## - INTERNATIONAL STANDARD BOOK NUMBER |
| International Standard Book Number |
0821820516 (v. 2 : pbk. : alk. paper) |
| 020 ## - INTERNATIONAL STANDARD BOOK NUMBER |
| International Standard Book Number |
9780821820513 (v. 2 : pbk. : alk. paper) |
| 020 ## - INTERNATIONAL STANDARD BOOK NUMBER |
| International Standard Book Number |
0821832980 (v. 3 : pbk. : alk. paper) |
| 020 ## - INTERNATIONAL STANDARD BOOK NUMBER |
| International Standard Book Number |
9780821832981 (v. 3 : pbk. : alk. paper) |
| 040 ## - CATALOGING SOURCE |
| Original cataloging agency |
DLC |
| Language of cataloging |
eng |
| Description conventions |
rda |
| Transcribing agency |
DLC |
| Modifying agency |
DLC |
| -- |
EG-ScBUE |
| 041 1# - LANGUAGE CODE |
| Language code of text/sound track or separate title |
eng |
| Language code of original and/or intermediate translations of text |
pol |
| 082 04 - DEWEY DECIMAL CLASSIFICATION NUMBER |
| Classification number |
515 |
| Item number |
KAC |
| Edition number |
22 |
| 100 1# - MAIN ENTRY--PERSONAL NAME |
| Personal name |
Kaczor, W. J. |
| Fuller form of name |
(Wieslawa J.), |
| Dates associated with a name |
1949- |
| Relator term |
author. |
| 240 10 - UNIFORM TITLE |
| Uniform title |
<a href="Zadania z analizy matematycznej.">Zadania z analizy matematycznej.</a> |
| Language of a work |
English |
| 245 10 - TITLE STATEMENT |
| Title |
Problems in mathematical analysis / |
| Statement of responsibility, etc |
W. J. Kaczor, M. T. Nowak. |
| 264 #1 - PUBLICATION, DISTRIBUTION, ETC. (IMPRINT) |
| Place of publication, distribution, etc |
Providence : |
| Name of publisher, distributor, etc |
The American Mathematical Society, |
| Date of publication, distribution, etc |
2000-2003. |
| 300 ## - PHYSICAL DESCRIPTION |
| Extent |
3 volumes ; |
| Dimensions |
22 cm. |
| 336 ## - CONTENT TYPE |
| Source |
rdacontent |
| Content type term |
text |
| Content type code |
txt |
| 337 ## - MEDIA TYPE |
| Media type term |
unmediated |
| Source |
rdamedia |
| Media type code |
n |
| 338 ## - CARRIER TYPE |
| Carrier type term |
volume |
| Carrier type code |
nc |
| Source |
rdacarrier |
| 490 0# - SERIES STATEMENT |
| Series statement |
Student mathematical library ; |
| International Standard Serial Number |
1520-9121 ; |
| Volume number/sequential designation |
v. 4, 12, 21 |
| 500 ## - GENERAL NOTE |
| General note |
Translated, revised and augmented by the authors. |
| 504 ## - BIBLIOGRAPHY, ETC. NOTE |
| Bibliography, etc |
Includes bibliographical references and index. |
| 505 0# - FORMATTED CONTENTS NOTE |
| Formatted contents note |
Volume 1. Real numbers, sequences, and series -- Volume 2. Continuity and differentiation -- Volume 3. Integration. |
| 546 ## - LANGUAGE NOTE |
| Language note |
Text in English ; translated from the language Polish. |
| 650 #7 - SUBJECT ADDED ENTRY--TOPICAL TERM |
| Topical term or geographic name as entry element |
Mathematical analysis. |
| Source of heading or term |
BUEsh |
| 651 ## - SUBJECT ADDED ENTRY--GEOGRAPHIC NAME |
| Source of heading or term |
BUEsh |
| 653 ## - INDEX TERM--UNCONTROLLED |
| Resource For college |
Engineering, General |
| Arrived date list |
February2017 |
| 655 ## - INDEX TERM--GENRE/FORM |
| Form subdivision |
Reading book |
| 9 (RLIN) |
34232 |
| 700 1# - ADDED ENTRY--PERSONAL NAME |
| Personal name |
Nowak, M. T. |
| Fuller form of name |
(Maria T.), |
| Dates associated with a name |
1951- |
| Relator term |
author. |
| 942 ## - ADDED ENTRY ELEMENTS (KOHA) |
| Source of classification or shelving scheme |
Dewey Decimal Classification |
| Koha item type |
Book - Borrowing |